| 000 | 01644cam a2200265 4500500 | ||
|---|---|---|---|
| 005 | 20251228053342.0 | ||
| 041 | _afre | ||
| 042 | _adc | ||
| 100 | 1 | 0 |
_aTheiller, Isabelle _eauthor |
| 245 | 0 | 0 | _aLa création des marchés hebdomadaires |
| 260 | _c2005. | ||
| 500 | _a83 | ||
| 520 | _aRésuméAu cours du Moyen Âge, l’administration royale contrôle la création des marchés hebdomadaires et impose une procédure aboutissant à la rédaction d’une lettre patente qui donne à une seigneurie le droit à rassembler un marché en un lieu et jour donné. L’étude de ces lettres permet d’observer la mise en place du réseau des marchés mais aussi d’appréhender les motivations économiques qui ont présidé à leur création. | ||
| 520 | _aDuring the Middle Ages the royal administration controls the Periodic markets creation and imposes a creation procedure ending up at the writing of a Letters Patent which give permission to a seigniory to gather a market in a definite place and day. The study of these Letters Patent allows to observe the installation of the network of the markets but also to grasp the economic motivations which leaded to these creations. | ||
| 690 | _alettres patentes | ||
| 690 | _amarchés hebdomadaires | ||
| 690 | _aMoyen Âge | ||
| 690 | _aNomandie | ||
| 690 | _aMiddle Ages | ||
| 690 | _aNormandy | ||
| 690 | _aPatent Letters | ||
| 690 | _aPeriodic Markets | ||
| 786 | 0 | _nHistoire & Sociétés Rurales | 24 | 2 | 2005-10-01 | p. 105-121 | 1254-728X | |
| 856 | 4 | 1 | _uhttps://shs.cairn.info/revue-histoire-et-societes-rurales-2005-2-page-105?lang=fr&redirect-ssocas=7080 |
| 999 |
_c1585269 _d1585269 |
||